गाँधी कथा/ (Record no. 202124)
[ view plain ]
| 000 -LEADER | |
|---|---|
| fixed length control field | 01382nam a22002537a 4500 |
| 005 - DATE AND TIME OF LATEST TRANSACTION | |
| control field | 20240412113941.0 |
| 010 ## - LCCN (DPL NO) | |
| LC control number | HIN-127332-127336 |
| 020 ## - INTERNATIONAL STANDARD BOOK NUMBER | |
| International Standard Book Number | 9789393758330 |
| Terms of availability | 475.00 |
| 020 ## - INTERNATIONAL STANDARD BOOK NUMBER | |
| International Standard Book Number | 9789393758330 |
| Terms of availability | 475.00 |
| 020 ## - INTERNATIONAL STANDARD BOOK NUMBER | |
| International Standard Book Number | 9789393758330 |
| Terms of availability | 475.00 |
| 020 ## - INTERNATIONAL STANDARD BOOK NUMBER | |
| International Standard Book Number | 9789393758330 |
| Terms of availability | 475.00 |
| 020 ## - INTERNATIONAL STANDARD BOOK NUMBER | |
| International Standard Book Number | 9789393758330 |
| Terms of availability | 475.00 |
| 035 ## - SYSTEM CONTROL NUMBER | |
| System control number | HN-99678-99682 |
| 037 ## - SOURCE OF ACQUISITION | |
| Source of stock number/acquisition | DBAD/PUB. |
| 082 ## - DEWEY DECIMAL CLASSIFICATION NUMBER | |
| Classification number | 305.5 |
| 100 ## - MAIN ENTRY--PERSONAL NAME | |
| Personal name | अरविन्द मोहन |
| 245 ## - TITLE STATEMENT | |
| Title | गाँधी कथा/ |
| Statement of responsibility, etc | अरविन्द मोहन |
| 250 ## - EDITION STATEMENT | |
| Edition statement | 1 |
| 260 ## - PUBLICATION, DISTRIBUTION, ETC. (IMPRINT) | |
| Place of publication, distribution, etc | उत्तर प्रदेश |
| Name of publisher, distributor, etc | सेतु प्रकाशन |
| Date of publication, distribution, etc | 2022 |
| 270 ## - ADDRESS | |
| Address | सी-21 सेक्टर-65 नॉएडा |
| City | उत्तर प्रदेश |
| Postal code | 201301 |
| 300 ## - PHYSICAL DESCRIPTION | |
| Extent | पांच भाग(170;182;170;172;174) पृष्ट; |
| Dimensions | 21 सेमी (सजिल्द) |
| 500 ## - GENERAL NOTE | |
| General note | भाग 1- गाँधी कथा;यू ही नहीं समझदार <br/>भाग 2 - गाँधी कथा;गोरख से हारे मछेन्दर .<br/>भाग 3 -गाँधी कथा;अंग्रजो को नमक ने मारा <br/>भाग 4 -गाँधी कथा;गाँधी ही गाँधी <br/>भाग 5 -गाँधी का शम्भुमेला |
| 942 ## - ADDED ENTRY ELEMENTS (KOHA) | |
| Institution code [OBSOLETE] | dpl |
| Item type | Hindi Books |
| Source of classification or shelving scheme | Dewey Decimal Classification |
| Classification part | 305.5 |
| Call number suffix | अरवि |
| Withdrawn status | Lost status | Materials specified (bound volume or other part) | Not for loan | Collection code | Home library | Current library | Date acquired | Source of acquisition | Cost, normal purchase price | Full call number | Barcode | Copy number | Cost, replacement price | Koha item type |
|---|---|---|---|---|---|---|---|---|---|---|---|---|---|---|
| भा 1 | Non-fiction | Bawana | Bawana | 12/04/2024 | DBAD | 475.00 | 305.5 अरवि | HN-99678 | 1 | 475.00 | Hindi Books | |||
| भा 2 | Non-fiction | Bawana | Bawana | 12/04/2024 | DBAD | 475.00 | 305.5 अरवि | HN-99679 | 1 | 475.00 | Hindi Books | |||
| भा 3 | Non-fiction | Bawana | Bawana | 12/04/2024 | DBAD | 475.00 | 305.5 अरवि | HN-99680 | 1 | 475.00 | Hindi Books | |||
| भा 4 | Non-fiction | Bawana | Bawana | 12/04/2024 | DBAD | 475.00 | 305.5 अरवि | HN-99681 | 1 | 475.00 | Hindi Books | |||
| भा 5 | Non-fiction | Bawana | Bawana | 12/04/2024 | DBAD | 475.00 | 305.5 अरवि | HN-99682 | 1 | 475.00 | Hindi Books |
